00477nam a2200145 i 4500001000300000100003000003245007600033260002800109650002200137040000800159041000800167080001700175008004100192856009800233bg1 aBOJARSKI, Włodzimierz W. 0aPodstawy analizy i inżynierii systemów /cWłodzimierz W. Bojarski. aWarszawa :bPWN,c1984. 9aTeoria systemów cBPK apol a62:007:519.8 s pl f |000 0 pol  uhttp://koha.tu.koszalin.pl/cgi-bin/koha/opac-detail.pl?biblionumber=22588yKatalog online BPK